000 00338 a2200169 4500
001 192507
020 _a978-85-08-17285-6
040 _cMagnum
100 _aFrança, Mary
240 1 0 _aFantasia!
_lpor
245 1 0 _aFantasia!
300 _a16
362 0 _a2015
440 1 _aÁtica
697 _aLITERATURA INFANTIL
942 _cBK
999 _c192507
_d192507